[Event "ICS Rated blitz match"]
[Site "207.99.83.229"]
[Date "1999.07.20"]
[Round "?"]
[White "Hossa"]
[Black "pagoda"]
[Result "1/2-1/2"]
[WhiteElo "2391"]
[BlackElo "2039"]
[PlyCount "65"]
[EventDate "1999.??.??"]

1. d4 Nf6 2. c4 e6 3. Nc3 Bb4 4. Bg5 c5 5. e4 Qa5 6. Bxf6 Bxc3+ 7. Ke2 gxf6 8.
bxc3 Qxc3 9. dxc5 Qxc4+ 10. Kf3 Qxc5 11. Qc1 Qxc1 12. Rxc1 Nc6 13. Rd1 b6 14.
Rd6 Bb7 15. Kf4 Ke7 16. Rd2 Rhg8 17. Ke3 Rac8 18. f4 Nb4 19. Ne2 Rc5 20. Ng3
Rgc8 21. Be2 Rc3+ 22. Kf2 Ba6 23. Rhd1 Bxe2 24. Rxd7+ Ke8 25. Nxe2 R3c7 26.
Rxc7 Rxc7 27. a3 Nc2 28. Rc1 Kd7 29. Rd1+ Ke7 30. Rc1 Kd7 31. Rd1+ Ke7 32. Rc1
Kd7 33. Rd1+ {Game drawn by repetition} 1/2-1/2

[Event "ICS rated blitz match"]
[Site "207.99.83.229"]
[Date "1999.07.20"]
[Round "?"]
[White "pagoda"]
[Black "Hossa"]
[Result "0-1"]
[WhiteElo "2051"]
[BlackElo "2379"]
[Annotator "Fritz 5.32 (16s)"]
[PlyCount "29"]
[EventDate "1999.??.??"]

1. e4 1... Nf6 $14 {Opening = B02 - 1.e4 Nf6(2.e5 Nd5 3.---)} (1... e5 2. Nf3
$11) 2. e5 Nd5 3. c4 Nb6 4. c5 Nd5 5. Bc4 5... e6 {Deckt d5} 6. Nc3 $15 (6. d4
$5 $11) 6... Bxc5 7. Bxd5 exd5 8. Nxd5 c6 9. Ne3 Bxe3 10. dxe3 Qa5+ 11. Bd2
Qxe5 12. Nf3 $19 (12. Bc3 $5 $142 {ist vielleicht staerker} 12... Qe4 13. Qd6
$15) 12... Qxb2 13. Rb1 (13. e4 O-O 14. O-O 14... Re8 $19) 13... Qxa2 14. Bc3
O-O 15. Qd4 $4 {ein Versehen in unangenehmer Stellung} (15. O-O $19) 0-1

[Event "ICS rated blitz match"]
[Site "207.99.83.229"]
[Date "1999.07.20"]
[Round "?"]
[White "Hossa"]
[Black "pagoda"]
[Result "1-0"]
[WhiteElo "2383"]
[BlackElo "2047"]
[PlyCount "75"]
[EventDate "1999.??.??"]

1. d4 Nf6 2. c4 e6 3. Nc3 Bb4 4. Bg5 c5 5. e4 Qa5 6. Bxf6 Bxc3+ 7. Ke2 gxf6 8.
bxc3 Qxc3 9. dxc5 Qxc4+ 10. Kf3 Qxc5 11. Qc1 Qxc1 12. Rxc1 Nc6 13. Rd1 b6 14.
Rd6 Bb7 15. Kf4 Ke7 16. Rd2 Rhg8 17. Ke3 Ne5 18. f3 Rac8 19. Kf4 Nc4 20. Bxc4
Rxc4 21. Ke3 Rgc8 22. Ne2 R8c7 23. Rhd1 Rc2 24. Rxc2 Rxc2 25. Rd2 Rxd2 26. Kxd2
a6 27. Nd4 Kd6 28. g4 Ke5 29. Ke3 h6 30. f4+ Kd6 31. Nf3 Kc5 32. g5 fxg5 33.
fxg5 h5 34. Ne5 b5 35. Nxf7 d5 36. g6 d4+ 37. Kd3 e5 38. g7 {pagoda resigns}
1-0

[Event "ICS rated blitz match"]
[Site "207.99.83.229"]
[Date "1999.07.20"]
[Round "?"]
[White "pagoda"]
[Black "Hossa"]
[Result "0-1"]
[WhiteElo "2043"]
[BlackElo "2387"]
[PlyCount "70"]
[EventDate "1999.??.??"]

1. e4 Nf6 2. e5 Nd5 3. c4 Nb6 4. c5 Nd5 5. Bc4 e6 6. Nc3 Bxc5 7. Bxd5 exd5 8.
Nxd5 c6 9. Ne3 Bxe3 10. dxe3 Qa5+ 11. Bd2 Qxe5 12. Nf3 Qxb2 13. Rb1 Qxa2 14.
Bb4 d5 15. O-O Bf5 16. Qd4 f6 17. Qc5 Kd7 18. Qe7+ Kc8 19. Rbc1 Nd7 20. Qxg7
Re8 21. Qf7 Bg6 22. Qg7 Qa4 23. Bd6 Qg4 24. Nd4 Bf5 25. Qf7 Kd8 26. Nxf5 Qxf5
27. Rfd1 Qe6 28. Qxe6 Rxe6 29. Bf4 b6 30. Rd2 a5 31. Rcd1 b5 32. f3 f5 33. e4
fxe4 34. fxe4 Rxe4 35. Bg5+ 35... Kc7 {pagoda resigns} 0-1

[Event "ICS rated blitz match"]
[Site "207.99.83.229"]
[Date "1999.07.20"]
[Round "?"]
[White "Themaster69"]
[Black "Hossa"]
[Result "1-0"]
[WhiteElo "2802"]
[BlackElo "2391"]
[PlyCount "120"]
[EventDate "1999.??.??"]

1. d4 d5 2. c4 e6 3. Nc3 Nf6 4. Bg5 c6 5. Nf3 Nbd7 6. e3 Qb6 7. Qc2 Bb4 8. Bd3
dxc4 9. Bxc4 O-O 10. O-O Qa5 11. a3 Bd6 12. e4 Ng4 13. e5 Ndxe5 14. dxe5 Nxe5
15. Ne4 Nxf3+ 16. gxf3 Qe5 17. f4 Qf5 18. Bd3 Qg4+ 19. Ng3 h6 20. Be2 Qh3 21.
Qd1 hxg5 22. Qxd6 gxf4 23. Qxf4 Re8 24. Nh5 Qf5 25. Qxf5 exf5 26. Rfe1 Bd7 27.
Rad1 Re7 28. Bc4 Rxe1+ 29. Rxe1 Re8 30. Rxe8+ Bxe8 31. f4 c5 32. Bd5 b5 33. Kf2
a5 34. Ke3 a4 35. h4 Bd7 36. Ng3 b4 37. Nh1 bxa3 38. bxa3 Be8 39. Nf2 Kh7 40.
Nd3 Kh6 41. Nxc5 Kh5 42. Bf3+ Kxh4 43. Bd1 g5 44. Bxa4 Bxa4 45. Nxa4 g4 46. Nc3
g3 47. Ne2 Kh3 48. Kf3 g2 49. a4 Kh2 50. Kf2 Kh3 51. a5 Kh4 52. Kxg2 Kh5 53. a6
Kh6 54. a7 Kg6 55. a8=Q Kg7 56. Nd4 f6 57. Qe8 Kh7 58. Kf3 Kg7 59. Nxf5+ Kh7
60. Qf7+ 60... Kh8 {Hossa resigns} 1-0

[Event "ICS rated blitz match"]
[Site "207.99.83.229"]
[Date "1999.07.20"]
[Round "?"]
[White "Hossa"]
[Black "Themaster69"]
[Result "0-1"]
[WhiteElo "2388"]
[BlackElo "2805"]
[PlyCount "60"]
[EventDate "1999.??.??"]

1. d4 d5 2. c4 c6 3. Nc3 Nf6 4. cxd5 cxd5 5. f3 e6 6. Bg5 Bb4 7. Rc1 Nbd7 8. e4
dxe4 9. fxe4 h6 10. Bxf6 Qxf6 11. Nh3 O-O 12. a3 Ba5 13. Bc4 e5 14. d5 Nb6 15.
Qd3 Bxh3 16. gxh3 Nxc4 17. Qxc4 Qh4+ 18. Kd2 Qxh3 19. b4 Bd8 20. Qf1 Bg5+ 21.
Kc2 Qd7 22. Re1 Rfc8 23. h4 Qa4+ 24. Kb2 Rxc3 25. Qxf7+ Kh8 26. Qxg7+ Kxg7 27.
Re2 Qxa3+ 28. Kb1 Rb3+ 29. Kc2 Rc8+ 30. Kd1 30... Rb1# {Hossa checkmated} 0-1

[Event "ICS rated blitz match"]
[Site "207.99.83.229"]
[Date "1999.07.20"]
[Round "?"]
[White "MongoMisha"]
[Black "Hossa"]
[Result "0-1"]
[WhiteElo "2078"]
[BlackElo "2385"]
[PlyCount "42"]
[EventDate "1999.??.??"]

1. e4 Nf6 2. e5 Nd5 3. d4 d6 4. Nf3 Bg4 5. Be2 c6 6. O-O dxe5 7. dxe5 Nd7 8.
Re1 Qa5 9. c4 Nb4 10. Bd2 O-O-O 11. a3 c5 12. Nc3 Bxf3 13. axb4 Bxe2 14. Rxe2
Qxb4 15. Rxa7 Qxc4 16. Re4 Qe6 17. Qa4 Nb6 18. Qc2 Kb8 19. Ra5 Nc4 20. Nb1 Rxd2
21. Nxd2 21... Nxa5 {MongoMisha resigns} 0-1

[Event "ICS rated blitz match"]
[Site "207.99.83.229"]
[Date "1999.07.20"]
[Round "?"]
[White "occam"]
[Black "Hossa"]
[Result "1-0"]
[WhiteElo "2443"]
[BlackElo "2398"]
[PlyCount "82"]
[EventDate "1999.??.??"]

1. e4 Nf6 2. e5 Nd5 3. d4 d6 4. Nf3 Bg4 5. h3 Bxf3 6. Qxf3 dxe5 7. dxe5 c6 8.
c4 Qa5+ 9. Bd2 Nb4 10. Qc3 N8a6 11. a3 O-O-O 12. c5 Rd5 13. Bxa6 Qxa6 14. Qxb4
Rxe5+ 15. Be3 e6 16. Qc3 Rd5 17. Nd2 Rd3 18. Qb4 Be7 19. O-O Rhd8 20. Qf4 f6
21. Rfd1 h5 22. Rac1 R8d5 23. Qe4 e5 24. Qg6 Qa5 25. Qxg7 Bd8 26. Qh6 h4 27.
Qxh4 Kb8 28. Qg4 Qc7 29. Rc3 Rxc3 30. bxc3 Ka8 31. Rb1 Be7 32. Ne4 Qd8 33. Bh6
Bxc5 34. c4 Rd4 35. Be3 Rxe4 36. Qxe4 Be7 37. h4 Qh8 38. Qd3 Qc8 39. h5 f5 40.
Qc3 Qc7 41. h6 41... Bf8 {Hossa resigns} 1-0

[Event "ICS rated blitz match"]
[Site "207.99.83.229"]
[Date "1999.07.20"]
[Round "?"]
[White "Hossa"]
[Black "TDChess"]
[Result "1-0"]
[WhiteElo "2382"]
[BlackElo "2566"]
[PlyCount "125"]
[EventDate "1999.??.??"]

1. d4 Nf6 2. c4 e6 3. Nc3 Be7 4. Bg5 c5 5. dxc5 Bxc5 6. e4 Qb6 7. Qe2 Bd4 8.
Bxf6 Bxf6 9. e5 Be7 10. O-O-O O-O 11. Qc2 Nc6 12. Nf3 Nb4 13. Qe4 Qxf2 14. Rd2
Qb6 15. a3 Na6 16. Bd3 g6 17. Qf4 Nc5 18. Bc2 Nb3+ 19. Bxb3 Qxb3 20. Rd3 f6 21.
Nd2 Qb6 22. exf6 Bxf6 23. Qg3 Bxc3 24. Rxc3 d5 25. cxd5 exd5 26. Qe5 Be6 27.
Rf1 Rxf1+ 28. Nxf1 Rf8 29. Ne3 d4 30. Rc7 Qxc7+ 31. Qxc7 Rc8 32. Qxc8+ Bxc8 33.
Nc2 d3 34. Ne1 Bf5 35. Kd2 b5 36. Nxd3 h5 37. Nf4 h4 38. Ne2 Kg7 39. Nd4 Bd7
40. Nf3 h3 41. gxh3 Bxh3 42. Nd4 Bd7 43. Kc3 Kf6 44. Kb4 a6 45. Nb3 Bc8 46. Nc5
Ke5 47. Ka5 Kd5 48. Nxa6 Kc4 49. Nc7 Bd7 50. h4 Kb3 51. Nxb5 Kxb2 52. Kb4 Kc2
53. a4 Kd3 54. a5 Ke3 55. Kc5 Bc8 56. Nd6 Bg4 57. a6 Be2 58. a7 Bf3 59. Kb6 Ba8
60. Kc7 Kf4 61. Kb8 Bf3 62. Nb7 Kg3 63. a8=Q {TDChess resigns} 1-0

[Event "ICS Rated blitz match"]
[Site "207.99.83.229"]
[Date "1999.07.20"]
[Round "?"]
[White "Amateur"]
[Black "Hossa"]
[Result "1-0"]
[WhiteElo "2453"]
[BlackElo "2406"]
[PlyCount "134"]
[EventDate "1999.??.??"]

1. e4 Nf6 2. e5 Nd5 3. d4 d6 4. Nf3 Bg4 5. Be2 c6 6. O-O dxe5 7. Nxe5 Bxe2 8.
Qxe2 e6 9. Qf3 Nf6 10. Qb3 Qc8 11. Na3 Nbd7 12. Nac4 b5 13. Na5 Nxe5 14. dxe5
Nd7 15. Bf4 Qc7 16. Qc3 c5 17. a4 b4 18. Qf3 Rd8 19. Nc4 Nb6 20. Nd6+ Bxd6 21.
exd6 Qd7 22. Qb3 Nd5 23. Bg3 O-O 24. Rfe1 Qc6 25. Qf3 Rd7 26. c4 bxc3 27. bxc3
Rb7 28. c4 Nb4 29. Qxc6 Nxc6 30. Rab1 Rxb1 31. Rxb1 Rd8 32. Rb7 Rb8 33. Rb5
Rxb5 34. axb5 Nb8 35. Kf1 Nd7 36. Ke2 e5 37. Ke3 f5 38. Bh4 Kf7 39. Bd8 e4 40.
Kd2 Ne5 41. Kc3 Ke6 42. Bc7 Ng4 43. f3 Ne3 44. fxe4 fxe4 45. g3 Ng4 46. h4 e3
47. Bb8 Nf2 48. Bxa7 Kd7 49. Kc2 Ne4 50. Kd3 Kxd6 51. Kxe3 Nf6 52. Bb8+ Ke6 53.
Kf4 h6 54. Ba7 Nh5+ 55. Kf3 Kd6 56. Bb8+ Ke6 57. b6 Kd7 58. Be5 Kc6 59. Ke4
Kxb6 60. Kf5 Nf6 61. Bxf6 gxf6 62. g4 Ka5 63. Kxf6 Kb4 64. g5 h5 65. g6 Kxc4
66. g7 Kb5 67. g8=Q 67... Kb4 {Hossa resigns} 1-0

[Event "ICS Rated blitz match"]
[Site "207.99.83.229"]
[Date "1999.07.20"]
[Round "?"]
[White "Zenith"]
[Black "Hossa"]
[Result "1-0"]
[WhiteElo "2735"]
[BlackElo "2392"]
[PlyCount "121"]
[EventDate "1999.??.??"]

1. e4 Nf6 2. e5 Nd5 3. d4 d6 4. c4 Nb6 5. exd6 cxd6 6. Nc3 Bf5 7. Nf3 e6 8. Bd3
Bxd3 9. Qxd3 Be7 10. O-O O-O 11. Ne4 N8d7 12. Bf4 e5 13. Neg5 Bxg5 14. Bxg5 f6
15. Be3 Rc8 16. b3 d5 17. cxd5 Nxd5 18. Qe4 Qa5 19. dxe5 Nxe5 20. Ng5 g6 21.
Ne6 Rfe8 22. Nf4 Nxe3 23. fxe3 Qa6 24. Nd5 Nd7 25. Qd4 f5 26. Rfd1 Qa3 27. b4
Rc2 28. Rd2 Rc1+ 29. Rxc1 Qxc1+ 30. Rd1 Qc2 31. Rd2 Qc1+ 32. Kf2 Re4 33. Qc3
Qxc3 34. Nxc3 Re7 35. Nd5 Re5 36. a4 Kg7 37. Kf3 h5 38. Nc3 Nf6 39. Rd3 g5 40.
h3 a5 41. Rd4 b6 42. bxa5 Rc5 43. Nb5 bxa5 44. Nd6 Kf8 45. h4 g4+ 46. Ke2 Ke7
47. Kd3 g3 48. Ke2 Ne8 49. Nxe8 Kxe8 50. Kf3 Re5 51. e4 Kf7 52. Kxg3 fxe4 53.
Kf4 Kf6 54. Rd6+ Re6 55. Rxe6+ Kxe6 56. Kxe4 Kf6 57. Kf4 Kg6 58. Ke5 Kg7 59.
Kf5 Kh6 60. Kf6 Kh7 61. Kg5 {Hossa resigns} 1-0

[Event "ICS Rated blitz match"]
[Site "207.99.83.229"]
[Date "1999.07.20"]
[Round "?"]
[White "Hossa"]
[Black "Zenith"]
[Result "0-1"]
[WhiteElo "2388"]
[BlackElo "2739"]
[PlyCount "115"]
[EventDate "1999.??.??"]

1. d4 Nf6 2. c4 e6 3. Nc3 Bb4 4. Bg5 h6 5. Bh4 c5 6. d5 d6 7. Rc1 exd5 8. cxd5
g5 9. Bg3 Ne4 10. a3 Bxc3+ 11. bxc3 Bf5 12. f3 Nxg3 13. hxg3 Nd7 14. e4 Qe7 15.
Qa4 Bg6 16. Rb1 O-O-O 17. Qxa7 Nb8 18. Kf2 f5 19. exf5 Bxf5 20. Re1 Qf6 21. Bb5
Qxc3 22. Ne2 Qb3 23. a4 Qxd5 24. Rd1 Qf7 25. Nc3 Be6 26. Rhe1 Bb3 27. Rd2 Qc7
28. Ne4 Rhg8 29. Re3 Bf7 30. Red3 Rg6 31. Nxc5 Rdg8 32. Ne4 d5 33. Rxd5 Bxd5
34. Rxd5 Rd8 35. Rf5 Nc6 36. Qe3 Qd7 37. Rc5 Qd4 38. Qxd4 Rxd4 39. Ke3 Rb4 40.
a5 Rb3+ 41. Nc3 Kd7 42. Ke4 Re6+ 43. Kd3 Rb2 44. Ne4 Rxg2 45. Rc3 Kc7 46. Ba4
Rg1 47. Kd2 g4 48. Bxc6 bxc6 49. Nc5 Rg2+ 50. Kd3 Re5 51. Na6+ Kd6 52. Nb4 c5
53. Kc4 cxb4 54. Rd3+ Kc6 55. fxg4 Re4+ 56. Kb3 Rxg4 57. Rd8 R2xg3+ 58. Kb2 {
Hossa resigns} 0-1

[Event "ICS rated blitz match"]
[Site "207.99.83.229"]
[Date "1999.07.20"]
[Round "?"]
[White "Beadle"]
[Black "Hossa"]
[Result "1-0"]
[WhiteElo "2614"]
[BlackElo "2384"]
[PlyCount "74"]
[EventDate "1999.??.??"]

1. e4 Nf6 2. e5 Nd5 3. d4 d6 4. Nf3 Bg4 5. Be2 c6 6. O-O dxe5 7. Nxe5 Bxe2 8.
Qxe2 e6 9. c4 Nf6 10. Rd1 Be7 11. Nc3 O-O 12. Rd3 Nbd7 13. Bf4 Qb6 14. Kh1 Rad8
15. Rad1 Bb4 16. a3 Bxc3 17. Rxc3 Nxe5 18. Bxe5 Ne8 19. Rdd3 f6 20. Bf4 e5 21.
dxe5 Rxd3 22. Rxd3 fxe5 23. Be3 Qc7 24. Bc5 Rf4 25. Re3 Rf5 26. g4 Rg5 27. f4
Rg6 28. Rxe5 Nd6 29. f5 Rf6 30. Re6 Rxe6 31. Qxe6+ Qf7 32. Bxd6 h6 33. Kg2 b6
34. Bb8 a6 35. Qxc6 Kh7 36. Be5 h5 37. Qxb6 37... hxg4 {Hossa resigns} 1-0

[Event "ICS rated blitz match"]
[Site "207.99.83.229"]
[Date "1999.07.20"]
[Round "?"]
[White "Hossa"]
[Black "Beadle"]
[Result "1-0"]
[WhiteElo "2377"]
[BlackElo "2621"]
[PlyCount "121"]
[EventDate "1999.??.??"]

1. d4 d5 2. c4 c6 3. Nc3 Nf6 4. cxd5 cxd5 5. f3 Nc6 6. e4 dxe4 7. d5 Ne5 8.
fxe4 e6 9. Bf4 Bd6 10. Bb5+ Kf8 11. Qd4 Qc7 12. Bg5 Nfg4 13. Rc1 Bc5 14. Na4
Qa5+ 15. Bd2 Bxd4 16. Bxa5 a6 17. Be2 Nf2 18. Bb6 Ned3+ 19. Bxd3 Nxd3+ 20. Kd2
Nxc1 21. Bxd4 Nxa2 22. Nb6 exd5 23. exd5 Be6 24. Nxa8 Bxd5 25. Ne2 Kg8 26. Re1
Bc6 27. Nb6 f6 28. Nc3 Nxc3 29. Kxc3 Kf7 30. Nc4 Rd8 31. Bb6 Rd5 32. h4 h5 33.
Na5 Rxa5 34. Bxa5 Bxg2 35. b4 Bc6 36. Bd8 f5 37. Bc7 g6 38. Kd4 Bg2 39. Bd8 Be4
40. Rxe4 fxe4 41. Kxe4 Ke6 42. Kf4 Kd7 43. Bf6 b6 44. Kg5 a5 45. bxa5 bxa5 46.
Kxg6 Ke6 47. Bd4 a4 48. Kxh5 Kf5 49. Bb2 a3 50. Bxa3 Ke4 51. Kg6 Kd3 52. h5 Kc3
53. h6 Kb3 54. Be7 Kc4 55. h7 Kd5 56. h8=Q Ke4 57. Qc3 Kd5 58. Qc2 Kd4 59. Kf5
Ke3 60. Bc5+ Kf3 61. Qf2# {Beadle checkmated} 1-0

[Event "ICS Rated blitz match"]
[Site "207.99.83.229"]
[Date "1999.07.20"]
[Round "?"]
[White "Nicy"]
[Black "Hossa"]
[Result "0-1"]
[WhiteElo "2123"]
[BlackElo "2403"]
[PlyCount "45"]
[EventDate "1999.??.??"]

1. d4 d5 2. Bg5 Nd7 3. Nf3 c5 4. e3 Qb6 5. Qc1 f6 6. Bh4 e5 7. dxc5 Bxc5 8. c3
Ne7 9. Be2 Nf5 10. Bg3 Nxg3 11. hxg3 O-O 12. O-O Qe6 13. Qc2 Bd6 14. Nbd2 Nc5
15. Nb3 Ne4 16. Rad1 Qf7 17. Nbd2 Bf5 18. Nxe4 Bxe4 19. Bd3 Bxf3 20. Bxh7+ Kh8
21. gxf3 f5 22. Bxf5 Qxf5 23. f4 {Nicy resigns} 0-1

[Event "ICS Rated blitz match"]
[Site "207.99.83.229"]
[Date "1999.07.20"]
[Round "?"]
[White "Hossa"]
[Black "Nicy"]
[Result "1-0"]
[WhiteElo "2408"]
[BlackElo "2118"]
[PlyCount "56"]
[EventDate "1999.??.??"]

1. d4 d5 2. c4 e6 3. Nc3 f5 4. Bf4 Nf6 5. Qa4+ c6 6. O-O-O Nbd7 7. e3 Be7 8.
Bd3 Ne4 9. Rf1 O-O 10. f3 Nxc3 11. bxc3 Nf6 12. Be5 Bd7 13. Ne2 c5 14. Qb3 cxd4
15. exd4 b6 16. Bxf6 Bxf6 17. cxd5 Qc8 18. Bc4 Re8 19. dxe6 Bxe6 20. Bxe6+ Qxe6
21. Re1 Rac8 22. Kb2 Kf8 23. Qxe6 Rxe6 24. Nf4 Rec6 25. Nd5 Bd8 26. Re5 g6 27.
Rhe1 Kf7 28. Ne7 28... Bxe7 {Nicy resigns} 1-0

[Event "ICS Rated blitz match"]
[Site "207.99.83.229"]
[Date "1999.07.20"]
[Round "?"]
[White "bbperer"]
[Black "Hossa"]
[Result "0-1"]
[WhiteElo "2295"]
[BlackElo "2422"]
[PlyCount "70"]
[EventDate "1999.??.??"]

1. d4 d5 2. c4 e6 3. Nc3 Nf6 4. Nf3 Nbd7 5. Bg5 Be7 6. e3 O-O 7. Bd3 dxc4 8. e4
cxd3 9. O-O e5 10. d5 Nc5 11. Re1 Nxd5 12. exd5 Bxg5 13. Rxe5 Bf6 14. Re3 Bxc3
15. bxc3 Qxd5 16. Re5 Qc4 17. h3 Na4 18. Qe1 Qxc3 19. Qxc3 Nxc3 20. Rc5 Ne2+
21. Kf1 c6 22. Ne5 Nf4 23. Rc4 Re8 24. Nf3 Ne2 25. Rd1 Bf5 26. g4 Be4 27. Ne1
b5 28. Rc5 Nf4 29. f3 Bd5 30. Kf2 Bxa2 31. Nxd3 Rad8 32. Rc3 b4 33. Nxb4 Rxd1
34. Nxa2 Re2+ 35. Kg3 35... g5 {bbperer resigns} 0-1

[Event "ICS Rated blitz match"]
[Site "207.99.83.229"]
[Date "1999.07.20"]
[Round "?"]
[White "Hossa"]
[Black "Amateur"]
[Result "0-1"]
[WhiteElo "2432"]
[BlackElo "2453"]
[Annotator "Fritz 5.32 (15s)"]
[PlyCount "109"]
[EventDate "1999.??.??"]

1. d4 1... Nf6 {Opening = D86 - 7.Bc4(0-0 8.Ne2 ---)} 2. c4 g6 3. Nc3 d5 4.
cxd5 Nxd5 5. e4 Nxc3 6. bxc3 Bg7 7. Bc4 Nc6 8. Ne2 8... e5 $146 (8... b6 9. h4
O-O 10. Bd5 Bb7 11. h5 e6 12. Bb3 Na5 13. hxg6 hxg6 14. Qd3 Nxb3 15. axb3 f5
16. Qg3 Bxe4 17. Qxg6 Qf6 18. Qh5 e5 19. Qh7+ Kf7 20. Rh6 Qd8 21. Rg6 Rg8 22.
Bh6 {1-0 Timman,J-Riemersma,L/ch-NED, Rotterdam NED 1997 (22)}) 9. d5 {
Weiss engt den Gegner ein} 9... Na5 10. Bd3 Bg4 11. Ba3 {
Schwarz kann nicht kurz rochieren} 11... c6 {Deckt b5} 12. O-O f5 13. f3 fxe4
14. Bxe4 14... cxd5 $2 $16 (14... Bf5 $5 $11 $142 {ist noch spielbar}) 15. Qxd5
$14 (15. fxg4 dxe4 16. Qa4+ Nc6 17. Qc4 $18 (17. Qxe4 $6 17... Qa5 18. Qc4
18... O-O-O $11 (18... Qxa3 19. Qf7+ Kd8 20. Qxg7 Qc5+ 21. Kh1 $18))) 15...
Qxd5 16. Bxd5 Bf5 17. Bb4 Nc6 18. Bc5 Bf8 19. Be3 a6 20. Rad1 O-O-O 21. Bb6 Rd7
22. Bc4 Ba3 23. Rxd7 Bxd7 24. Rd1 Re8 25. Bf7 Rf8 26. Bd5 g5 27. h3 {
Befestigt g4} 27... Ne7 28. c4 Nxd5 29. cxd5 Rf6 30. Be3 Rg6 31. Rd2 Kc7 32.
Rc2+ $11 (32. Ng3 Bb4 33. Rb2 33... a5 $14) 32... Kd6 33. Rc3 Bb4 34. Rb3 a5
35. Nc3 $11 (35. a3 $5 35... Ba4 36. Rb1 Bxa3 37. Ra1 $11) 35... b5 36. Bb6
Bc5+ 37. Bxc5+ Kxc5 38. Ra3 a4 39. Ne4+ Kxd5 40. Rd3+ Kc6 41. Rc3+ Kb6 42. Rc5
Re6 43. Rc2 h6 44. Nc3 44... Ka5 {Schwarz fuehrt die Partie kraftvoll zu Ende}
45. Rb2 Rd6 46. Re2 $19 (46. Ne4 46... Rd4 $17) 46... Rd3 47. Ne4 Be6 48. Nc5
Rd1+ 49. Kf2 Bc4 50. Rb2 (50. Rxe5 50... Kb4 $19) 50... a3 51. Rc2 Ra1 52. Nb3+
(52. Ke3 {kann das Vorangegangene nicht ungeschehen machen} 52... Rxa2 53. Rxa2
53... Bxa2 $19) 52... Bxb3 53. axb3 {
Der Freibauer a3 fuehrt schnell zu Drohungen} 53... Kb4 54. Re2 54... a2 $1 {
ganz unerschrocken} 55. h4 (55. Kg3 {aendert den traurigen Lauf der Dinge nicht
} 55... Kxb3 56. Re3+ 56... Kc4 $19) 0-1

[Event "ICS Rated blitz match"]
[Site "207.99.83.229"]
[Date "1999.07.20"]
[Round "?"]
[White "Amateur"]
[Black "Hossa"]
[Result "0-1"]
[WhiteElo "2468"]
[BlackElo "2417"]
[Annotator "Fritz 5.32 (15s)"]
[PlyCount "170"]
[EventDate "1999.??.??"]

1. Nf3 1... Nf6 {Opening = E00 - 3.g3 (d5 4.---)} 2. c4 e6 3. g3 d5 4. d4 dxc4
(4... Nbd7 5. Nbd2 c5 6. cxd5 Nxd5 7. Bg2 N7f6 8. O-O cxd4 9. Nb3 Bd6 10. Qxd4
Qb6 11. e4 Qxd4 12. Nfxd4 Nc7 13. Rd1 e5 14. Nc6 Bd7 15. Nca5 Be7 16. Nxb7 Bc6
17. N7a5 Bxe4 18. Bxe4 Nxe4 19. Re1 {
Tu Hoang Thai-Goh,B/Singapore SIN 1998/1-0 (33)}) 5. Qa4+ Nc6 6. Qxc4 6... Bd6
$146 (6... Qd5 7. Nbd2 (7. Qd3 Qf5 8. Qxf5 exf5 9. a3 Be6 10. e3 Na5 11. Nbd2
Nb3 12. Nxb3 Bxb3 13. Bd3 g6 14. Bd2 a5 15. Ke2 Bd6 16. Rhc1 Bd5 17. Ne5 c6 18.
Nc4 Bc7 19. b4 axb4 20. axb4 Kd7 21. b5 21... Ne4 {
Kurajica,B-Zvjaginsev,V/EuT-ch, Pula CRO 1997/ - (31)}) 7... Nb4 8. Rb1 Qxc4 9.
Nxc4 Nxa2 10. Bd2 Nb4 11. Bg2 Nc2+ 12. Kd1 Nb4 13. e3 Ne4 14. Be1 14... Nd3 {
- Hansen,L-Oll,L/Open, Koge DEN 1997 (14)}) 7. Bg2 O-O 8. Nc3 e5 9. dxe5 Nxe5
10. Nxe5 Bxe5 11. Bf4 Be6 12. Qb4 12... c5 $16 (12... Bxf4 $5 $142 {
ist die kritische Fortsetzung} 13. gxf4 13... a5 $11) 13. Qxc5 $1 {
bleibt am Druecker.} 13... Bxf4 14. gxf4 b6 15. Qa3 Rc8 16. Qxa7 Qd6 17. Bb7
$11 (17. Rd1 $5 17... Qxf4 18. a3 $16) 17... Rc7 {Schwarz droht Qb4} 18. Qa6
Qb4 19. O-O Bc4 (19... Qxb2 $6 20. Na4 Qd2 21. e3 $11 (21. Qxb6 Qxf4 22. Rfd1
22... Bh3 $19)) 20. Qa7 Qxb2 (20... Nd7 21. Rad1 Nc5 22. Qa3 Qxa3 23. bxa3 Nxb7
24. Rd2 $19) 21. Rac1 Re8 22. Qa4 b5 ({Jedoch nicht} 22... Rxb7 23. Rc2 $1 {
zementiert den Vorteil} (23. Qxc4 $143 23... b5 24. Qd3 24... b4 $14) 23...
Qxc2 24. Qxc2 $16) 23. Qa6 b4 24. Qb6 24... Rce7 {Im Brennpunkt: e2} ({
Und nicht} 24... bxc3 25. Qxc7 Qxe2 26. Bg2 Qxa2 27. Rfd1 $14) 25. Bc6 $17 (25.
Bf3 Re6 (25... bxc3 $143 26. Qxb2 cxb2 27. Rxc4 $14) 26. Qc5 26... Ba6 $11)
25... bxc3 26. Qxb2 cxb2 27. Rxc4 Rb8 28. Rb1 Rxe2 29. Bf3 $17 (29. Kf1 Rd2 30.
Ke1 $14) 29... Rd2 30. Kg2 30... h6 $11 (30... Kf8 31. a4 $15) 31. h3 $15 {
Sichert g4} (31. a4 31... Kf8 $11) 31... Kh7 32. h4 $17 (32. a4 32... Kg6 $15)
32... h5 $15 (32... Kg6 33. Rc5 $17) 33. Rc7 (33. a4 33... Kg6 $15) 33... Rb4
34. Rxf7 Ra4 (34... Rxf4 $6 35. Rb7 $11) 35. Rb7 Rxa2 36. f5 $17 (36. Kf1 $5
$15) 36... Rd4 $11 (36... Rc2 $5 $17 $142) 37. R1xb2 Rxb2 38. Rxb2 Rxh4 39. Rb5
Rc4 40. Be2 Rd4 41. Ra5 h4 42. Kh3 Rf4 43. f3 Kh6 44. Rc5 44... Kg5 {
Greift den Isolani f5 an} 45. Bd1 Rd4 46. Bc2 Rb4 47. Re5 Rc4 48. Bd3 Rc3 49.
Be2 Rb3 50. Ra5 Re3 51. Bd1 Rd3 52. Be2 Rd4 53. Bf1 $17 (53. Ba6 53... Nd5 $15)
53... Nd5 54. Ra7 Nf4+ 55. Kh2 Rd2+ 56. Kg1 Kf6 ({Schlechter scheint} 56...
Kxf5 57. Rxg7 Ng6 58. Bh3+ Kf6 59. Rh7 $15) 57. Bc4 Rg2+ 58. Kh1 h3 (58... Kxf5
$6 59. Rf7+ Ke5 60. Rxf4 Kxf4 61. Kxg2 h3+ 62. Kxh3 Kxf3 63. Bb3 $11) 59. Bf1
$19 (59. Rf7+ Ke5 60. Bf1 60... Rg3 $17) 59... Rf2 60. Bc4 60... Nh5 {
Es droht Matt} 61. Ra2 Rxf3 62. Kh2 Kxf5 63. Ra5+ Kg6 64. Bd5 Re3 65. Bf7+ (65.
Bb7 65... Nf4 $19) 65... Kxf7 66. Rxh5 Kf6 67. Rxh3 (67. Rh7 $19) 67... Rxh3+
68. Kxh3 Kf5 69. Kg3 Kg5 70. Kf3 Kh4 71. Kf4 g5+ 72. Kf3 Kh3 73. Kf2 g4 74. Kg1
Kg3 75. Kf1 Kh2 76. Kf2 g3+ 77. Ke3 g2 78. Ke4 78... g1=Q {Droht Matt: Qc5} 79.
Ke5 Qd1 (79... Qc5+ 80. Kf6 Qd6+ 81. Kg7 Qe7+ 82. Kh8 Kg3 83. Kg8 Kf4 84. Kh8
Ke5 85. Kg8 Kf6 86. Kh8 Qg7#) 80. Kf5 (80. Ke6 {
macht keinen grossen Unterschied} 80... Kg3 81. Ke5 Qd7 82. Ke4 Qd6 83. Ke3 Qd5
84. Ke2 Qd4 85. Ke1 Kf3 86. Kf1 Qf2#) 80... Qd6 81. Ke4 Kg3 82. Ke3 Qd5 83. Ke2
Qd4 84. Ke1 Kf3 85. Kf1 Qd1# (85... Qf2#) 0-1